Languages families of the world with a map - Statistics

General Stats
  • This quiz has been taken 1,326 times
  • The average score is 22 of 213
Answers on the Map
Answers color-coded by a green-red scale on the quiz's map according to % correct below.
 
Answer Stats
Family % Correct
Indo-European
96%
Turkic
87%
Japonic
84%
Koreanic
83%
Uralic
83%
Afroasiatic
78%
Sino-Tibetan
77%
Dravidian
70%
Mongolic
70%
Austronesian
69%
Austroasiatic
51%
Kartvelian
49%
Kra-Dai
47%
Mayan
42%
Quechuan
41%
Northwest Caucasian
38%
Tungusic
38%
Northeast Caucasian
37%
Eskaleut
35%
Ainu
34%
Atlantic-Congo
34%
Na-Dene
34%
Aymaran
33%
Nilotic
33%
Saharan
29%
Hmong-Mien
27%
Uto-Aztecan
23%
Yeniseian
22%
Trans New Guinea
21%
Araucanian
20%
Arawan
20%
Chukotko-Kamchatkan
20%
Khoe-Kwadi
19%
Mande
19%
Nivkh
19%
Cariban
17%
Nubian
17%
Pama-Nyungan
17%
Tupian
17%
Yukaghir
16%
Macro-Je
14%
Songhay
14%
Arawakan
13%
Algic
12%
Great Andamanese
12%
Ongan
12%
Otomanguean
12%
Tuu
11%
Chibchan
10%
Siouan
10%
Dogon
9%
Fur
9%
Iroquoian
9%
Kxa
9%
Salishan
9%
Central Sudanic
8%
Ijoid
8%
Kru
8%
Chocoan
6%
Mao
6%
Misumalpan
6%
Mixe-Zoque
6%
Muskogean
6%
Timor-Alor-Pantar
6%
Tsimshian
6%
Caddoan
5%
East Bird's Head
5%
Eastern Trans-Fly
5%
North Bougainville
5%
Sepik
5%
South Bougainville
5%
Tarascan
5%
Wakashan
5%
West Bird's Head
5%
Yanomamic
5%
Anim
4%
Barbacoan
4%
Chicham
4%
Gumuz
4%
Haida
4%
Kiowa-Tanoan
4%
Maban
4%
South Bird's Head
4%
Torricelli
4%
Border
3%
Dajuic
3%
Eastern Jebel
3%
Guaicuruan
3%
Guajiboan
3%
Heibanic
3%
Kadugli-Krongo
3%
Katla-Tima
3%
Kawesqar
3%
Keresan
3%
Koman
3%
Kuliak
3%
Lakes Plain
3%
Lower Sepik
3%
Matacoan
3%
Northern Daly
3%
North Halmahera
3%
Ramu
3%
Rashad
3%
Sko
3%
Surmic
3%
Talodi
3%
Tamaic
3%
Ta-Ne-Omotic
3%
Totonacan
3%
Tucanoan
3%
Western Daly
3%
Worrorran
3%
Yam
3%
Yuman-Cochimi
3%
Angan
2%
Aroid
2%
Baibai-Fas
2%
Baining
2%
Boran
2%
Bororoan
2%
Bulaka River
2%
Cahuapanan
2%
Chapacuran
2%
Dizoid
2%
East Strickland
2%
Eleman
2%
Garrwan
2%
Geelvink Bay
2%
Gunwinyguan
2%
Harakmbut
2%
Huavean
2%
Iwaidjan
2%
Jarrakan
2%
Jicaquean
2%
Kresh-Aja
2%
Left May
2%
Mairasic
2%
Mangarrayi-Maran
2%
Mascoian
2%
Mirndi
2%
Nadahup
2%
Nyimang
2%
Nyulnyulan
2%
Palaihnihan
2%
Pano-Tacanan
2%
Peba-Yagua
2%
Pomoan
2%
Saliban
2%
Senagi
2%
Southern Daly
2%
Tangkic
2%
Taulil-Butam
2%
Teberan
2%
Temeinic
2%
Tequistlatecan
2%
Ticuna-Yuri
2%
Uru-Chipaya
2%
Utian
2%
Yokutsan
2%
Yuat
2%
Zamucoan
2%
Zaparoan
2%
Amto-Musan
1%
Arafundi
1%
Bosavi
1%
Bunaban
1%
Chiquitano
1%
Dagan
1%
Doso-Turumsa
1%
Hatam-Mansim
1%
Inanwatan
1%
Katukinan
1%
Kaure-Kosare
1%
Kiwaian
1%
Koiarian
1%
Konda-Yahadian
1%
Kwerbic
1%
Lepki-Murkim-Kembra
1%
Maningrida
1%
Namla-Tofanma
1%
Ndu
1%
Pahoturi
1%
Pauwasi
1%
Sahaptian
1%
Sentanic
1%
Suki-Gogodala
1%
Tor-Orya
1%
Walio
1%
Wintuan
1%
Yawa-Saweru
1%
Bayono-Awbono
0%
Bogia
0%
East Kutubu
0%
Huitotoan
0%
Kakua-Nukak
0%
Kamula-Elevala
0%
Kayagaric
0%
Keram
0%
Kolopom
0%
Kunimaipan
0%
Kwalean
0%
Kwomtari-Nai
0%
Mailuan
0%
Manubaran
0%
Mombum-Koneraw
0%
Nambiquaran
0%
Nimboranic
0%
Piawi
0%
Somahai
0%
Turama-Kikori
0%
West Bomberai
0%
Yangmanic
0%
Yareban
0%
No matching quizzes found
Score Distribution
Percent of People with Each Score
Percentile by Number Answered
Your Score History
You have not taken this quiz